Learning Volleyball (Record no. 11315)

MARC details
000 -LEADER
fixed length control field 00246nam a22000977a 4500
008 - FIXED-LENGTH DATA ELEMENTS--GENERAL INFORMATION
fixed length control field 190219b ||||| |||| 00| 0 eng d
020 ## - INTERNATIONAL STANDARD BOOK NUMBER
International Standard Book Number 1841261971
100 ## - MAIN ENTRY--PERSONAL NAME
Personal name Barth
9 (RLIN) 7056
245 ## - TITLE STATEMENT
Title Learning Volleyball
260 ## - PUBLICATION, DISTRIBUTION, ETC. (IMPRINT)
Place of publication, distribution, etc. USA
Name of publisher, distributor, etc. Meyer & Meyer Sport
Date of publication, distribution, etc. 2007
Holdings
Withdrawn status Lost status Source of classification or shelving scheme Damaged status Koha normalized classification for sorting Not for loan Home library Current library Shelving location Date acquired Total Checkouts Full call number Barcode Date last seen Date last checked out Price effective from Koha item type
    Dewey Decimal Classification   796_000000000000000_L2   Good Samaritan School Library Good Samaritan School Library Sports & Games 02/19/2019 1 796 L-2 BAR15235 05/09/2023 04/28/2023 02/19/2019 BOOK

Powered by Koha